| 000 | 00476nam a2200193Ia 4500 | ||
|---|---|---|---|
| 003 | LK-CoDNM | ||
| 005 | 20240425135716.0 | ||
| 008 | 010623t1952 xxu||||| |||| 00| 1 sin d | ||
| 040 |
_aLK-CoDNM _dLK-CoDNM _eLK-CoDNM |
||
| 041 | _asin | ||
| 080 | _aජ99 | ||
| 245 | _aශ්රි ලංකා | ||
| 246 | _aSri Lanka | ||
| 260 |
_bS.U.Toosant _aColombo _c1952 |
||
| 300 | _b30P.,27 cm | ||
| 650 | _aInsects | ||
| 650 | _aKamkasanthure Cement Factory | ||
| 942 | _cBK | ||
| 999 |
_c102784 _d102784 |
||